Madar-e-Millat Mohtarma Fatima Jinnah (Record no. 347735)

000 -LEADER
fixed length control field 00355 a2200133 4500
082 ## - DEWEY DECIMAL CLASSIFICATION NUMBER
Classification number 923.25491
090 ## - LOCALLY ASSIGNED LC-TYPE CALL NUMBER (OCLC); LOCAL CALL NUMBER (RLIN)
-- 5323
-- 5323
100 ## - MAIN ENTRY--PERSONAL NAME
Personal name Safdar Ali Najmi
245 ## - TITLE STATEMENT
Title Madar-e-Millat Mohtarma Fatima Jinnah
Statement of responsibility, etc. Safdar Ali Najmi
260 ## - PUBLICATION, DISTRIBUTION, ETC.
Place of publication, distribution, etc. Karachi
Name of publisher, distributor, etc. Universal Publication
Date of publication, distribution, etc. 2003
300 ## - PHYSICAL DESCRIPTION
Extent 160p
500 ## - GENERAL NOTE
General note Hard cover
942 ## - ADDED ENTRY ELEMENTS (KOHA)
Institution code [OBSOLETE] NBS
Koha item type Book
Call number prefix 923.25491 NAJ
Holdings
Withdrawn status Lost status Damaged status Not for loan Permanent Location Current Location Date acquired Total Checkouts Full call number Barcode Date last seen Date last checked out Price effective from Koha item type
        Central Library (CL) Central Library (CL) 08/28/2013 2 923.25491 NAJ NBSD-1285 10/14/2023 08/16/2022 08/28/2013 Book
© 2023 Central Library, National University of Sciences and Technology. All Rights Reserved.